000
00291nam a22001337a 4500
008
171101b xxu||||| |||| 00| 0 eng d
020
_a
9780195134360
041
_a
eng
080
_2
2ND
_a
339.9
100
_a
59
101
_a
GLO
245
_a
GLOBAL BANKING
_c
SMITH,R.C
942
_2
udc
_c
BK
999
_c
37137
_d
37137